000 00288nam a22001097a 4500
008 170125b xxu||||| |||| 00| 0 eng d
020 _a9780077460389
041 _aeng
080 _24TH
_a61
245 _aMATH & DOSAGE CALCULATIONS FOR HEALTHCARE PROFESSIONALS
_cBOOTH, K.A
942 _2udc
_cBK
999 _c3695
_d3695